German words A1.1 (Lektion 20) - Statistics

General Stats
  • This quiz has been taken 12 times
  • The average score is 11 of 26
Answer Stats
In German In English % Correct
Information die, -en Information
100%
Schnell Fast
90%
Ordnung die Order
70%
Antwort die, -en Answer
60%
Spülmaschine die, -n Dishwasher
60%
Haushalt der Household
60%
Brief der, -e Letter
60%
Anruf der, -e (The) call
60%
Sauber Clean
50%
Schmutzig Dirty
50%
Boden der, - Floor, ground, bottom
50%
Wäsche die Laundry
50%
Geschirr das Dishes
40%
Zu•machen (To) close
40%
Hassen (To) hate
40%
Abfall der, -e Waste, garbage
40%
Ganz All, completely
30%
Anrufbeantworter der, - Answering machine
30%
Fertig Complete, ready
30%
Größe die, -n Size
30%
Auf sein (To) be up
20%
Ordentlich Properly
10%
Ab•trocknen (To) dry off
10%
Spülen (To) wash
10%
Ab•waschen (To) wash off
10%
Waschen (To) rinse, flush
0%
No matching quizzes found
Score Distribution
Percent of People with Each Score
Percentile by Number Answered
Your Score History
You have not taken this quiz